000 00578pab a2200193 454500
008 180718b2001 xxu||||| |||| 00| 0 eng d
100 _aPereira, Anthony W.
245 _aVirtual legality: authoritarian legacies and the reform of military justice in Brazil, the Southern Cone and Mexico
260 _c2001
300 _ap.555-74
362 _aJun
650 _aCourts - Mexico
650 _aCourts - Brazil
650 _aMexico - Armed forces
650 _aBrazil - Armed forces
650 _aArmed forces
773 _aComparative Political Studies
909 _a49426
999 _c49426
_d49426